Fr. Conceicao Rodrigues College of Engineering

Fox Pro Users guide Windows (Record no. 25175)

MARC details
000 -LEADER
fixed length control field 00299nam a2200133Ia 4500
082 ## - DEWEY DECIMAL CLASSIFICATION NUMBER
Classification number 005.7565 'F P
100 ## - MAIN ENTRY--PERSONAL NAME
Personal name Microsoft Corporation
245 ## - TITLE STATEMENT
Title Fox Pro Users guide Windows
260 ## - PUBLICATION, DISTRIBUTION, ETC.
Name of publisher, distributor, etc. Microsoft
546 ## - LANGUAGE NOTE
Language note ENGLISH
654 ## - SUBJECT ADDED ENTRY--FACETED TOPICAL TERMS
Focus term Fox pro users guide ms dos
942 ## - ADDED ENTRY ELEMENTS (KOHA)
Koha item type BOOK
Holdings
Withdrawn status Lost status Damaged status Not for loan Collection Home library Current library Shelving location Date acquired Source of acquisition Cost, normal purchase price Total Checkouts Full call number Barcode Date last seen Cost, replacement price Price effective from Koha item type
        CRC Fr. Agnel's C.Rodrigues College of Engineering Fr. Agnel's C.Rodrigues College of Engineering   17/03/2023 c 188.00   005.7565 'F P 5329 17/03/2023 188.00 17/03/2023 BOOK